[Event "Chigorin Memorial 31st"]
[Site "St Petersburg"]
[Date "2024.10.30"]
[Round "5"]
[White "Frolov, Zakhar"]
[Black "Epishin, Vladimir"]
[Result "0-1"]
[WhiteElo "1752"]
[BlackElo "2420"]
[PlyCount "82"]
[EventDate "2024.10.26"]
[EventType "swiss"]
[EventRounds "9"]
[EventCountry "RUS"]
[SourceTitle "CB45_2024"]
[Source "ChessBase"]
[SourceDate "2024.11.06"]
[SourceVersion "1"]
[SourceVersionDate "2024.11.06"]
[SourceQuality "1"]

1. d4 g6 2. c4 Bg7 3. e4 d6 4. Nc3 Nc6 5. Nf3 Bg4 6. Be3 e5 7. d5 Nd4 8. Be2 Bxf3 9. Bxf3 Ne7 10. 0-0 0-0 11. Rb1 a5 12. b3 c5 13. Bxd4 cxd4 14. Nb5 b6 15. g3 f5 16. Bg2 Kh8 17. Qd3 Qd7 18. Rbe1 f4 19. gxf4 Rxf4 20. Bh3 Qd8 21. Qg3 Bh6 22. Be6 g5 23. f3 Ng6 24. a3 Nh4 25. Rf2 Qe7 26. b4 axb4 27. axb4 Bf8 28. Rc1 Qf6 29. Bg4 Ra4 30. Nc7 Rxb4 31. Ne6 d3 32. Nxf4 exf4 33. Qh3 Qd4 34. Qf1 Rb2 35. Rb1 Rc2 36. Rd1 Bg7 37. Qe1 Re2 38. Qf1 Qe3 39. Rxd3 Rxf2 40. Qd1 Rg2+ 41. Kh1 Rxh2+ 0-1

[Event "Chigorin Memorial 29th"]
[Site "St Petersburg"]
[Date "2022.10.27"]
[Round "6"]
[White "Frolov, Zakhar"]
[Black "Ivanov, Nikolay A"]
[Result "0-1"]
[WhiteElo "1480"]
[BlackElo "1754"]
[PlyCount "56"]
[EventDate "2022.10.22"]
[EventType "swiss"]
[EventRounds "9"]
[EventCountry "RUS"]
[SourceTitle "EXT 2024"]
[Source "ChessBase"]
[SourceDate "2023.10.10"]
[SourceVersion "1"]
[SourceVersionDate "2023.10.10"]
[SourceQuality "1"]

1. d4 Nf6 2. c4 g6 3. Nc3 Bg7 4. e4 d6 5. Nf3 0-0 6. Be2 c5 7. dxc5 dxc5 8. Qc2 Nc6 9. Be3 Qa5 10. 0-0 Bg4 11. Rfd1 Rfd8 12. a3 Bxf3 13. Bxf3 Nd4 14. Bxd4 Rxd4 15. e5 Ne8 16. e6 fxe6 17. Qe2 Nc7 18. Nb5 Nxb5 19. Qxe6+ Kh8 20. cxb5 Qc7 21. Re1 Bf6 22. Rac1 Rad8 23. Be2 Qd6 24. Qe3 b6 25. Qb3 Kg7 26. g3 Rd2 27. Rc2 Qe5 28. Kf1 Qe4 0-1

[Event "Chigorin Memorial 28th"]
[Site "St Petersburg"]
[Date "2021.10.29"]
[Round "7"]
[White "Frolov, Zakhar"]
[Black "Sheremetev, Vladislav"]
[Result "0-1"]
[WhiteElo "1457"]
[BlackElo "1864"]
[PlyCount "94"]
[EventDate "2021.10.23"]
[EventType "swiss"]
[EventRounds "9"]
[EventCountry "RUS"]
[SourceTitle "EXT 2023"]
[Source "ChessBase"]
[SourceDate "2022.10.05"]
[SourceVersion "1"]
[SourceVersionDate "2022.10.05"]
[SourceQuality "1"]

1. d4 Nf6 2. c4 e6 3. Nc3 Bb4 4. Qc2 c5 5. Nf3 0-0 6. Bg5 b6 7. e3 Bb7 8. Be2 Nc6 9. 0-0 cxd4 10. exd4 Be7 11. Rad1 d5 12. cxd5 Nxd5 13. Bxe7 Ncxe7 14. a3 Nf4 15. Rfe1 Nf5 16. Qd2 Nxe2+ 17. Nxe2 Bxf3 18. gxf3 Ne7 19. Kh1 Nd5 20. Rg1 Qf6 21. Rg3 Rac8 22. Rdg1 g6 23. f4 Qf5 24. Nc3 Qxf4 25. Qxf4 Nxf4 26. Re1 Rfd8 27. Rd1 Rc4 28. d5 Nxd5 29. b3 Rc7 30. Rgd3 Rcd7 31. Ne4 Kg7 32. f3 Nf6 33. Rxd7 Rxd7 34. Rxd7 Nxd7 35. b4 a5 36. bxa5 bxa5 37. Nd6 Nb6 38. a4 Kf6 39. Nb7 Nc4 40. Kg2 Ke5 41. Kf2 f5 42. Ke2 Kd4 43. Nd8 e5 44. Nb7 Kc3 45. Nd8 Kb3 46. Nc6 Kxa4 47. Kd3 Kb3 0-1